ბათუმის შოთა რუსთაველის სახელმწიფო უნივერსიტეტის ბიბლიოთეკა

ვისრამიანი: (რომანი) (ბიბ.ჩანაწერი № 41795)

000 -LEADER
fixed length control field 01193nam a2200241Ia 4500
001 - CONTROL NUMBER
control field 8477
003 - CONTROL NUMBER IDENTIFIER
control field GE_BSU
008 - FIXED-LENGTH DATA ELEMENTS--GENERAL INFORMATION
fixed length control field 181216s||||||||xx |||||||||||||| ||und||
040 ## - CATALOGING SOURCE
Transcribing agency GE_BSU
080 ## - UNIVERSAL DECIMAL CLASSIFICATION NUMBER
Universal Decimal Classification number 821.222.1–32+821.353.1-31
245 ## - TITLE STATEMENT
Title ვისრამიანი: (რომანი)
245 ## - TITLE STATEMENT
Remainder of title ძველი ქართული მხატვრული მწერლობა.
245 ## - TITLE STATEMENT
Statement of responsibility, etc. ალ. ბარამიძის, პ. ინგოროყვას და კ. კეკელიძის რედაქციით და შესავალი წერილით; ლექსიკონი ი. აბულაძისა;
250 ## - EDITION STATEMENT
Edition statement რუსთაველის სახელობის ლიტერატურის სამეცნიერო კვლევითი ინსტიტუტი–მეორე გამოც.
260 ## - PUBLICATION, DISTRIBUTION, ETC.
Place of publication, distribution, etc. თბილისი.
260 ## - PUBLICATION, DISTRIBUTION, ETC.
Name of publisher, distributor, etc. სახელგამი.
260 ## - PUBLICATION, DISTRIBUTION, ETC.
Date of publication, distribution, etc. 1938
300 ## - PHYSICAL DESCRIPTION
Extent 420 გვ; 22 სმ.
300 ## - PHYSICAL DESCRIPTION
Other physical details 4 ჩართ. ფურც. სურ.
653 ## - INDEX TERM--UNCONTROLLED
Uncontrolled term ვისრამიანი
653 ## - INDEX TERM--UNCONTROLLED
Uncontrolled term რომანი
942 ## - ADDED ENTRY ELEMENTS (KOHA)
Koha item type წიგნი
ეგზემპლარები
Withdrawn status Lost status Damaged status Not for loan Date acquired Barcode Date last seen Price effective from Koha item type
        2018-12-17 30626 2018-12-17 2018-12-17 წიგნი
        2018-12-17 30627 2018-12-17 2018-12-17 წიგნი
        2018-12-17 30628 2018-12-17 2018-12-17 წიგნი
        2018-12-17 30629 2018-12-17 2018-12-17 წიგნი
        2018-12-17 31057 2018-12-17 2018-12-17 წიგნი
        2018-12-17 31058 2018-12-17 2018-12-17 წიგნი
        2018-12-17 31059 2018-12-17 2018-12-17 წიგნი
        2018-12-17 31060 2018-12-17 2018-12-17 წიგნი